000 002920000a22001210004500
060 _a100
082 _a581.012095483 TOT.11
100 _aHenricum, von rhede
100 _aTot, Drakestein
245 _aHortus Malabaricus V 11
260 _aAmsterdam, Henrici & Theodori Boom
942 _cBK
999 _c346757
_d346757